Statistics for Are You Even Literary? Fill in the Blank Book Titles

Click here to take the quiz!

General Stats

  • This quiz has been taken 7,560 times
  • The average score is 13 of 30

Answer Stats

Author First published Book % Correct
Emily Brontë1847Wuthering {Heights}
91%
William Makepeace Thackeray1847Vanity {Fair}
86%
Harriet Beecher Stowe1852Uncle Tom's {Cabin}
85%
William Styron1979Sophie's {Choice}
80%
Fyodor Dostoevsky1879The {Brothers} Karamazov
66%
D. H. Lawrence1928Lady Chatterley's {Lover}
65%
Gustave Flaubert1856Madame {Bovary}
60%
Gabriel García Márquez1967One Hundred Years of {Solitude}
55%
Amy Tan1989The Joy {Luck} Club
53%
H. G. Wells1896The {Island} of Doctor Moreau
50%
Milan Kundera1984The Unbearable {Lightness} of Being
46%
Thomas Mann1912{Death} in Venice
41%
David Mitchell2004Cloud {Atlas}
41%
Jonathan Safran Foer2005Extremely Loud and Incredibly {Close}
37%
Unknown2100 B.C.The {Epic} of Gilgamesh
37%
John Kennedy Toole1980A Confederacy of {Dunces}
35%
W. Somerset Maugham1915Of {Human} Bondage
34%
Marcel Proust1913 - 1927
(series)
In Search of Lost {Time}
32%
Pearl S. Buck1931The {Good} Earth
31%
Raymond Chandler1939The Big {Sleep}
28%
Virginia Woolf1927To the {Lighthouse}
25%
David Foster Wallace1996Infinite {Jest}
25%
Laurence Sterne1762The Life and Opinions of
Tristram {Shandy}, Gentleman
25%
Kingsley Amis1954Lucky {Jim}
21%
Voltaire1759{Candide}, ou l'Optimisme
21%
Thomas Pynchon1973Gravity's {Rainbow}
21%
Mikhail Bulgakov1967The {Master} and Margarita
18%
Edith Wharton1905The {House} of Mirth
18%
Norman Mailer1948The {Naked} and the Dead
14%
Junot Díaz2007The Brief Wondrous Life of {Oscar} Wao
13%

Score Distribution

Percentile by Number Answered

Percent of People with Each Score

Your Score History

You have not taken this quiz